Made With Oak (Record no. 18373)

MARC details
000 -LEADER
fixed length control field 00418nam a2200169Ia 4500
008 - FIXED-LENGTH DATA ELEMENTS--GENERAL INFORMATION
fixed length control field 220803s9999 xx 000 0 und d
020 ## - INTERNATIONAL STANDARD BOOK NUMBER
International Standard Book Number 0-8526-3052-5
041 ## - LANGUAGE CODE
Language code of text/sound track or separate title eng
082 ## - DEWEY DECIMAL CLASSIFICATION NUMBER
Classification number 729 WEI/WIS
100 ## - MAIN ENTRY--PERSONAL NAME
Personal name Weiss J
9 (RLIN) 29285
245 ## - TITLE STATEMENT
Title Made With Oak
260 ## - PUBLICATION, DISTRIBUTION, ETC. (IMPRINT)
Place of publication, distribution, etc. New York
Name of publisher, distributor, etc. Links Book
Date of publication, distribution, etc. 1975
300 ## - PHYSICAL DESCRIPTION
Extent 94p
500 ## - GENERAL NOTE
Keywords Architecture
650 ## - SUBJECT ADDED ENTRY--TOPICAL TERM
Topical term or geographic name as entry element Interior Design
9 (RLIN) 29286
700 ## - ADDED ENTRY--PERSONAL NAME
Personal name Weiss J Wise H H
9 (RLIN) 29287
Holdings
Withdrawn status Lost status Damaged status Not for loan Home library Current library Shelving location Date acquired Vendor Total Checkouts Full call number Barcode Date last seen Bill Date Koha item type Original Barcode
        Dr. Bhanuben Nanavati College of Architecture Dr. Bhanuben Nanavati College of Architecture   11/11/2013 Ar.Lakdawala Zohar   729 WEI/WIS BNCA-DB-963 03/08/2022 03/08/2022 Donated Book DB000963